May Word Game - Statistics

General Stats
  • This quiz has been taken 26 times
    21 since last reset
  • The average score is 5 of 10
Answer Stats
Hint Answer % Correct
Contains double "b"s, and has 4 letters abbe | bibb | abba | jibb | ebbs | cobb | sibb
80%
Starts with x and 5 letters xebec | xenia | xenic | xenon | xeric | xerox | xerus | xylan | xylem | xylol | xylyl | xysti | xysts
80%
Starting with OTT, and has less than 6 letters otter | ottar | otto
73%
Starts with PH, ends in E with 5 letters phyle | phase | phage | phone
67%
Starts with c, ends in c, and has 5 letters ceric | codec | civic | cosec | colic | cusec | conic | cynic | comic | cubic
53%
5 letters, and ends in GN reign | align | feign | deign | coign | thegn
53%
Homonym of do dew | due
40%
With 7 letters, ending in NTY seventy | aplenty | flaunty | squinty
33%
Hyphenated with 6 or less letters x-ray | red-hot | de-ide | e-mail | far-off | in-law
7%
With only one vowel, and has 7 letters (y counts as a vowel) drslump | scratch | stretch
0%
No matching quizzes found
Score Distribution
Percent of People with Each Score
Percentile by Number Answered
Your Score History
You have not taken this quiz since the last reset